| 000 | 00905nac a22002411i 4500 | ||
|---|---|---|---|
| 003 | EG-ScBUE | ||
| 005 | 20230725122112.0 | ||
| 008 | 230725s1968 nyub f b 001 0 eng d | ||
| 020 | _a061315486 | ||
| 040 |
_aEG-ScBUE _beng _erda _cEG-ScBUE _dEG-ScBUE |
||
| 082 | 0 | 4 |
_a920.009176 _bHIT _222 |
| 100 | 1 |
_aHitti, Philip K. _q(Philip Khuri), _d1886-1978, _eauthor. |
|
| 245 | 1 | 0 |
_aMakers of Arab history / _cby Philip K. Hitti, professor emeritus of semitic literature on The William and Annie S. Paton Foundation, Princeton University. |
| 264 | 1 |
_aNew York : _bSt. Martin's Press, _c1968. |
|
| 300 |
_a268 pages : _bmaps ; _c22 cm |
||
| 336 |
_2rdacontent _atext _btxt |
||
| 337 |
_2rdamedia _aunmediated _bn |
||
| 338 |
_2rdacarrier _avolume _bnc |
||
| 504 | _aIncludes bibliographical references and index. | ||
| 651 | 7 |
_aIslamic Empire _xBiography. _2BUEsh |
|
| 655 | _vReading book | ||
| 942 |
_cBB _2ddc |
||
| 999 |
_c3019 _d3019 |
||